000 004670000a22001810004500
020 _a9977-958-00-9
041 0 _aSPA
082 0 4 _aG 302.23 V181c
100 1 _aValle, Carlos A.
245 1 0 _aCominicación : Modelo para armar / Carlos A. Valle
260 _aSan José, Costa Rica : SEBILA
300 _a124 Pag
001 9323
942 _cBK
999 _c39369
_d39369
336 _atexto
_btxt
_2rdacontent
337 _2rdamedia
_asin mediación
_bn
338 _2rdacarrier
_avolumen
_bnc